000 00730nam a2200205 i 4500
001 34772
003 ES-MaACL
005 20250604062621.0
007 t|
008 030211s1946 sp ||||1| spa d
100 1 _aBonmati de Codecido, Francisco.
_930210
245 1 0 _aAlfonso XIII
_b: el Rey enamorado de España : (2ª parte de Alfonso XIII y su época) /
_cFrancisco Bonmati de Codecido.
260 _aMadrid :
_b[s.n.],
_c1946 (
_fAldus, gráf.)
300 _a217 p., 8 h. de lám. ;
_c20 cm.
500 _aLas láminas son retratos.
600 0 4 _aAlfonso
_bXIII,
_cRey de España
_9235132
651 4 _aEspaña-
_xHistoria-
_y1902-1931, Alfonso XIII
_98276
852 _aES-MaACL
_jE-3604
_bR.20104
999 _c34772
_d34772